000 00535nam a2200181Ia 4500
003 GCL
008 140319s9999 xx 000 0 ara d
040 _aGCL /
_cGCL
082 0 4 _a820
_bف ح
100 1 _aابراهيم وطفى
245 1 0 _aحديث من فيتنام /
_cابراهيم وطفى
700 1 _aفايس، بيتر
300 _a350 ص
490 _aالهيئة العامة للاستعلامات
_v0
650 0 4 _aالادب الامريكى
650 0 4 _aحرب فيتنام, مسرحية
942 _2ddc
_cBK
999 _c47085
_d47085